[Event "Szczawno Festival IM 2018"]
[Site "Szczawno"]
[Date "2018.12.15"]
[Round "2"]
[White "Tejaswini, Sagar"]
[Black "Sliwicka, Alicja"]
[Result "1/2-1/2"]
[WhiteElo "2177"]
[BlackElo "2236"]
[Annotator "NA"]
[PlyCount "70"]
[EventDate "2018.12.14"]
[EventType "tourn"]
[EventCountry "POL"]
[SourceTitle "playchess.com"]
[Source "ChessBase"]
[SourceQuality "1"]
[TimeControl "40/5400+30:900+30"]

1. e4 {[%emt 0:00:00]} e5 {[%emt 0:00:00]} 2. Nf3 {[%emt 0:00:00]} Nc6 {[%emt 0:00:00]} 3. Bb5 {[%emt 0:00:00]} a6 {[%emt 0:00:00]} 4. Ba4 {[%emt 0:00:00]} Nf6 {[%emt 0:00:01]} 5. O-O {[%emt 0:00:00]} Be7 {[%emt 0:00:06]} 6. Re1 {[%emt 0:00:00]} b5 {[%emt 0:00:06]} 7. Bb3 {[%emt 0:00:00]} d6 {[%emt 0:00:05]} 8. c3 {[%emt 0:00:02]} O-O {[%emt 0:00:09]} 9. h3 {[%emt 0:00:08]} Na5 {[%emt 0:00:06]} 10. Bc2 {[%emt 0:00:04]} c5 {[%emt 0:00:07]} 11. d4 {[%emt 0:00:15] LiveBook: 6682 Games} Nd7 {[%emt 0:00:07]} 12. Nbd2 {[%emt 0:00:17]} exd4 {[%emt 0:00:13]} 13. cxd4 {[%emt 0:00:06]} Nc6 {[%emt 0:00:07]} 14. d5 {[%emt 0:00:24]} Nce5 {[%emt 0:00:06]} 15. Nxe5 {[%emt 0:00:12] C96: Closed Ruy Lopez: Chigorin Defence: 11 d4, replies other than 11...Qc7} (15. a4 Bb7 16. Nxe5 Nxe5 17. f4 Ng6 18. Nf3 Re8 19. axb5 axb5 20. Rxa8 Qxa8 21. b3 Bd8 22. f5 Nf8 {1-0 (54) Shirov,A (2630)-Howell,D (2701) Douglas 2017}) 15... Nxe5 {[%emt 0:00:06]} 16. a4 {[%emt 0:00:32]} Rb8 {[%emt 0:08:43]} 17. f4 {[%emt 0:00:16]} Ng6 {[%emt 0:00:34]} 18. Nf3 {[%emt 0:00:21]} f5 {[%emt 0:01:59]} 19. exf5 {[%emt 0:00:53]} Bxf5 {[%emt 0:01:10]} 20. Bxf5 {[%emt 0:02:15]} Rxf5 {[%emt 0:00:11]} 21. g4 $146 {[%emt 0:02:25]} ({Predecessor:} 21. axb5 axb5 22. g4 Rf7 {1-0 (68) Christiansen,J (2498)-Spalir,J (2363) Budapest 2018}) 21... Rxf4 {[%emt 0:01:57]} 22. Bxf4 {[%emt 0:00:27]} Nxf4 {[%emt 0:00:07]} 23. Qd2 {[%emt 0:01:41]} Nxh3+ {[%emt 0:14:22]} 24. Kg2 {[%emt 0:01:57]} Ng5 {[%emt 0:09:39]} 25. axb5 {[%emt 0:15:51]} Nxf3 {[%emt 0:02:18]} 26. Kxf3 {[%emt 0:00:11]} Rxb5 {[%emt 0:13:58]} 27. Qe2 {[%emt 0:07:00]} Bf8 {[%emt 0:09:43]} 28. Qe6+ {[%emt 0:07:56]} Kh8 {[%emt 0:00:08]} 29. Qf7 {[%emt 0:03:59]} Rb8 {[%emt 0:05:03]} 30. Re3 {[%emt 0:21:23]} Qh4 {[%emt 0:01:47]} 31. b3 {[%emt 0:01:53]} Qh3+ {[%emt 0:08:04]} 32. Kf2 {[%emt 0:00:57]} Qh2+ {[%emt 0:01:16]} 33. Kf3 {[%emt 0:02:09]} Qh3+ {[%emt 0:02:49]} 34. Kf2 {[%emt 0:02:21]} Qh2+ {[%emt 0:01:33]} 35. Kf3 {[%emt 0:00:33]} Qh3+ $11 {[%emt 0:04:16]} 1/2-1/2

[Event "Szczawno Festival IM 2018"]
[Site "Szczawno"]
[Date "2018.12.16"]
[Round "3"]
[White "Sergeev, Vladimir"]
[Black "Tejaswini, Sagar"]
[Result "1-0"]
[WhiteElo "2402"]
[BlackElo "2177"]
[Annotator "NA"]
[PlyCount "121"]
[EventDate "2018.12.14"]
[EventType "tourn"]
[EventCountry "POL"]
[SourceTitle "playchess.com"]
[Source "ChessBase"]
[SourceQuality "1"]
[TimeControl "40/5400+30:900+30"]

1. Nf3 {[%emt 0:04:37]} Nf6 {[%emt 0:00:00]} 2. e3 {[%emt 0:00:30]} g6 {[%emt 0:00:00]} 3. b4 {[%emt 0:00:04]} Bg7 {[%emt 0:00:00]} 4. Bb2 {[%emt 0:00:03]} O-O {[%emt 0:01:35]} 5. c4 {[%emt 0:00:39]} d5 {[%emt 0:02:40]} 6. cxd5 {[%emt 0:00:36] A15: English Opening: 1...Nf6} Nxd5 {[%emt 0:00:36]} (6... Qxd5 7. Nc3 Qd8 8. Be2 Nbd7 9. O-O e5 10. d3 c6 11. a4 b6 12. Qb3 Re8 13. Rfd1 Qe7 {1-0 (41) Kurajica,B (2529)-Firat,B (2487) Izmir 2016}) 7. Bxg7 {[%emt 0:00:07]} Kxg7 {[%emt 0:00:04]} 8. Qb3 {[%emt 0:00:11]} e6 {[%emt 0:05:42]} 9. Be2 $146 {[%emt 0:00:56]} ({Predecessor:} 9. d4 c6 10. Nc3 Qb6 11. Nxd5 cxd5 12. a4 Nc6 13. Bb5 Nxb4 14. Qxb4 a6 15. Kd2 axb5 16. a5 Qa6 17. Rhc1 f6 18. Rc7+ Rf7 19. Re7 Bd7 20. Rc1 Qxa5 {1-0 (20) Dickson,I (1910)-Mendege,A (1861) Budapest 2006}) 9... Nd7 {[%emt 0:03:05]} 10. Nc3 {[%emt 0:03:09]} N7f6 {[%emt 0:03:37]} 11. O-O {[%emt 0:00:24]} Re8 {[%emt 0:04:44]} 12. d4 {[%emt 0:04:37]} Nxc3 {[%emt 0:13:57]} 13. Qxc3 {[%emt 0:02:04]} Nd5 {[%emt 0:00:11]} 14. Qb2 {[%emt 0:00:12]} g5 {[%emt 0:06:23]} 15. Rac1 {[%emt 0:01:49]} f6 {[%emt 0:00:48]} 16. Rfd1 {[%emt 0:01:42]} Bd7 {[%emt 0:04:19]} 17. Rd2 {[%emt 0:01:23]} a6 {[%emt 0:06:00]} 18. Rdc2 {[%emt 0:26:02]} Ba4 {[%emt 0:05:19]} 19. Rc5 {[%emt 0:01:09]} b6 {[%emt 0:02:00]} 20. R5c4 {[%emt 0:00:13]} Bb5 {[%emt 0:01:43]} 21. R4c2 {[%emt 0:00:03]} Bxe2 {[%emt 0:02:08]} 22. Rxe2 {[%emt 0:00:04]} g4 {[%emt 0:02:19]} 23. Ne1 {[%emt 0:00:38]} h5 {[%emt 0:02:36]} 24. Nd3 {[%emt 0:00:12]} h4 {[%emt 0:02:13]} 25. e4 {[%emt 0:01:50]} Ne7 {[%emt 0:00:18]} 26. Nf4 {[%emt 0:00:43]} Ng6 {[%emt 0:01:13]} 27. Qd2 {[%emt 0:01:04]} Rc8 {[%emt 0:08:21]} 28. Nxg6 {[%emt 0:15:58]} Kxg6 {[%emt 0:00:04]} 29. Qf4 {[%emt 0:00:18]} Qxd4 {[%emt 0:04:44]} 30. Qxg4+ {[%emt 0:00:14]} Kf7 {[%emt 0:00:15]} 31. Qh5+ {[%emt 0:00:11]} Kg7 {[%emt 0:01:30]} 32. Qxh4 {[%emt 0:00:15]} Qxb4 $2 {[%emt 0:01:33]} (32... Qe5 33. f4 Qd4+ 34. Kh1 Rh8 35. Qg3+ Kf8) 33. Re3 {[%emt 0:00:44]} Rh8 {[%emt 0:04:06]} 34. Qg4+ {[%emt 0:04:44]} Kf7 {[%emt 0:00:13]} 35. Rg3 {[%emt 0:00:14]} Rhf8 {[%emt 0:02:56]} 36. Rd3 $18 {[%emt 0:14:54]} (36. Qh5+ $142 Ke7 37. Rg7+ Kd8 38. Rd1+ Qd6 39. e5 {[%mdl 64] Pin} Rg8 40. Rxg8+ Kd7 41. exd6) 36... Qb5 {[%emt 0:08:03]} 37. Rcd1 {[%emt 0:03:23]} Rce8 {[%emt 0:00:04]} 38. h3 {[%emt 0:06:57]} Re7 {[%emt 0:01:25]} 39. f4 {[%emt 0:00:28]} Rg8 {[%emt 0:00:30]} 40. Qh4 {[%emt 0:00:00]} Qc5+ {[%emt 0:00:00]} 41. Kh2 {[%emt 0:01:25]} a5 {[%emt 0:08:43]} 42. a4 {[%emt 0:02:40]} b5 {[%emt 0:00:43]} 43. Rd8 {[%emt 0:02:21]} Rg6 {[%emt 0:05:45]} 44. Kh1 {[%emt 0:11:55]} Qc2 {[%emt 0:01:18]} 45. Qh7+ {[%emt 0:00:22]} Rg7 {[%emt 0:00:04]} 46. Qh5+ {[%emt 0:00:04]} Rg6 {[%emt 0:00:06]} 47. Qf3 {[%emt 0:00:31]} f5 {[%emt 0:02:22]} 48. exf5 {[%emt 0:02:15]} Qxf5 {[%emt 0:00:02]} 49. Qa8 {[%emt 0:01:11]} Kg7 {[%emt 0:01:39]} 50. axb5 Qxf4 {[%emt 0:00:36]} 51. Rg8+ {[%emt 0:02:35]} Kh6 {[%emt 0:00:05]} 52. Rh8+ {[%emt 0:00:36]} Rh7 {[%emt 0:00:09]} 53. Rf8 {[%emt 0:00:49]} Qg3 {[%emt 0:00:45]} 54. Rdf1 {[%emt 0:00:45]} a4 {[%emt 0:00:45]} 55. R8f6 {[%emt 0:00:19]} Rhg7 {[%emt 0:00:56]} 56. Qh8+ {[%emt 0:00:21]} Kg5 {[%emt 0:00:11]} 57. R6f4 {[%emt 0:00:49]} Qxf4 {[%emt 0:01:00]} 58. Qd8+ {[%emt 0:00:05]} Qf6 {[%emt 0:00:45]} 59. h4+ {[%emt 0:00:04]} Kh5 {[%emt 0:00:38]} 60. Rxf6 {[%emt 0:00:07]} Rxg2 {[%emt 0:00:42]} 61. Qh8+ {[%emt 0:00:17]} 1-0

[Event "Szczawno Festival IM 2018"]
[Site "Szczawno"]
[Date "2018.12.16"]
[Round "3"]
[White "Pacan-Milej, Kosma"]
[Black "Simantsev, Mikhail"]
[Result "1/2-1/2"]
[WhiteElo "2334"]
[BlackElo "2404"]
[Annotator "ChessBase"]
[PlyCount "60"]
[EventDate "2018.12.14"]
[EventType "tourn"]
[EventCountry "POL"]
[SourceTitle "playchess.com"]
[Source "ChessBase"]
[SourceQuality "1"]
[TimeControl "40/5400+30:900+30"]

1. d4 {[%emt 0:00:00]} Nf6 {[%emt 0:05:28]} 2. c4 {[%emt 0:00:00]} e6 {[%emt 0:00:32]} 3. Nf3 {[%emt 0:00:00]} b6 {[%emt 0:02:14]} 4. g3 {[%emt 0:00:00]} Ba6 {[%emt 0:01:05]} 5. b3 {[%emt 0:00:00]} Bb4+ {[%emt 0:00:33]} 6. Bd2 {[%emt 0:00:07]} Be7 {[%emt 0:00:03]} 7. Nc3 {[%emt 0:00:10]} d5 {[%emt 0:03:45]} 8. cxd5 {[%emt 0:00:20]} exd5 {[%emt 0:00:05]} 9. Bg2 {[%emt 0:00:45]} O-O {[%emt 0:00:10]} 10. O-O {[%emt 0:00:54]} Nbd7 {[%emt 0:00:31]} 11. Ne5 {[%emt 0:03:21]} Bb7 {[%emt 0:01:30]} 12. Bf4 {[%emt 0:02:01]} Re8 {[%emt 0:01:58]} 13. Rc1 {[%emt 0:08:08]} Nf8 {[%emt 0:04:41]} 14. Nb5 {[%emt 0:06:19]} c5 {[%emt 0:07:52]} 15. dxc5 {[%emt 0:05:25]} bxc5 {[%emt 0:05:48]} 16. Nc4 {[%emt 0:08:29]} Ne6 {[%emt 0:01:12]} 17. Be5 {[%emt 0:19:20]} Ng4 {[%emt 0:11:07]} 18. Nbd6 {[%emt 0:16:20]} dxc4 {[%emt 0:04:54]} 19. Bxb7 {[%emt 0:02:00]} Nxe5 {[%emt 0:01:03]} 20. Nxe8 {[%emt 0:01:02]} Qxd1 {[%emt 0:02:31]} 21. Rfxd1 {[%emt 0:00:08]} Rxe8 {[%emt 0:00:05]} 22. bxc4 {[%emt 0:00:04]} g5 {[%emt 0:36:23]} 23. Bd5 {[%emt 0:09:14]} Nd4 {[%emt 0:02:51]} 24. Kf1 {[%emt 0:01:30]} Bd8 {[%emt 0:01:07]} 25. e3 {[%emt 0:01:46]} Ne6 {[%emt 0:00:56]} 26. Bxe6 {[%emt 0:04:48]} fxe6 {[%emt 0:00:01]} 27. f4 {[%emt 0:00:00]} Ng4 {[%emt 0:03:35]} 28. Ke2 Nf6 {[%emt 0:00:38]} 29. fxg5 {[%emt 0:05:58]} Ne4 30. Rd7 Bb6 {[%emt 0:01:45]} 1/2-1/2

[Event "Szczawno Festival IM 2018"]
[Site "Szczawno"]
[Date "2018.12.16"]
[Round "3"]
[White "Chylewski, Patryk"]
[Black "Kislinsky, Alexey"]
[Result "0-1"]
[WhiteElo "2268"]
[BlackElo "2425"]
[Annotator "TA"]
[PlyCount "106"]
[EventDate "2018.12.14"]
[EventType "tourn"]
[EventCountry "POL"]
[SourceTitle "playchess.com"]
[Source "ChessBase"]
[SourceQuality "1"]

{[%evp 22,106,48,33,48,0,22,27,28,-47,-29,-43,-33,-37,-39,-45,-45,-71,-81,-61,-35,-48,-27,-58,-47,-105,-98,-104,-98,-93,-93,-91,-83,-77,-62,-56,-43,-49,-41,-32,-17,-121,-124,-131,-79,-83,-92,-90,-84,-85,-81,-135,-120,-113,-114,-117,-100,-128,-75,-150,-152,-189,-182,-198,-197,-205,-189,-212,-160,-160,0,-225,-216,-220,-217,-213,-201,-207,-204,-204,-201,-198,-203,-191,-191,-188,-192]} 1. d4 Nf6 2. c4 c5 3. Nf3 cxd4 4. Nxd4 b6 5. Nc3 Bb7 6. f3 d6 7. e4 a6 8. Be3 e6 9. Be2 Be7 10. O-O O-O 11. Qd2 Nbd7 12. Rfc1 {LiveBook: 25 Games. A31: Symmetrical English: 2 Nf3 Nf6 3 d4} (12. Rac1 Rc8 13. Rfd1 Qc7 14. Kh1 Qb8 15. b4 Rfe8 16. Bf1 Bd8 17. Bg1 Kh8 18. Na4 Bc7 19. Rc2 h6 20. c5 b5 21. c6 bxa4 {1-0 (42) Bu,X (2697)-Jumabayev,R (2625) Chengdu 2017}) 12... Ne5 13. a4 d5 $146 ({Predecessor:} 13... Rc8) 14. exd5 {The position is equal.} exd5 15. Nxd5 (15. Nf5 $11) 15... Bxd5 $15 16. cxd5 Nxd5 17. Nf5 {Black must now prevent Qxd5!} Bb4 $1 {[%cal Rb4d2]} 18. Qd4 Nxe3 19. Qxe5 {[%csl Gf5][%cal Re5g7]} Nxf5 20. Qxf5 g6 21. Qc2 Re8 {Strongly threatening ...Bd2.} 22. Rd1 Qe7 23. Bd3 ({White should play} 23. Bf1 $15) 23... Rac8 $17 {[%cal Ba8c8,Bc8c5,Bc5h5][%mdl 32]} 24. Qb3 Qc5+ 25. Kh1 Re3 26. Qa2 Qe5 {Hoping for ...Bd6.} 27. f4 Qh5 {Threatens to win with ...Rh3!} 28. Bf1 Rc5 29. Rd3 Rxd3 30. Bxd3 Qg4 31. Qb3 (31. f5 $11 {remains equal.}) 31... Qxf4 32. Bf1 Rh5 ({Better is} 32... a5 33. Rd1 Kg7) 33. g3 Qd2 $40 {[%csl Gh5][%cal Rd2h2][%mdl 128] White is in trouble.} 34. Bg2 Re5 35. Rf1 Re7 36. Qf3 (36. Qd1 $142) 36... Qxb2 37. Qa8+ Kg7 38. Qxa6 Qd4 39. Qa8 Bc5 (39... Re1 $142 40. Rxe1 Bxe1) 40. Qc6 (40. a5 $142) 40... h5 41. Qb5 h4 {aiming for ...hxg3.} 42. gxh4 Qxh4 43. Qb2+ Bd4 44. Qb4 Kg8 45. Bd5 {[#]} Kg7 $2 (45... Re6 $1 $17 {[%mdl 512] And now ...Rf6 would win.} 46. Bg2 (46. Bxe6 Qe4+) 46... Re2) 46. Rd1 $2 {[#]} (46. Bg2 $1 $11) 46... Re4 $1 $19 {[%mdl 512] ( -> ...Be5). Black is clearly better.} 47. Rf1 (47. Bxe4 Qxe4#) 47... f5 48. Qd2 Qh3 {[%cal Rh3f1]} 49. Rc1 Qf3+ 50. Qg2 Qxg2+ 51. Kxg2 Re2+ 52. Kh1 Be5 53. Bg2 Ra2 {Accuracy: White = 48%, Black = 67%.} 0-1

[Event "Szczawno Festival IM 2018"]
[Site "Szczawno"]
[Date "2018.12.16"]
[Round "3"]
[White "Fus, Jakub"]
[Black "Krzywda, Andrzej"]
[Result "0-1"]
[WhiteElo "2265"]
[BlackElo "2178"]
[Annotator "NA"]
[PlyCount "230"]
[EventDate "2018.12.14"]
[EventType "tourn"]
[EventCountry "POL"]
[SourceTitle "playchess.com"]
[Source "ChessBase"]
[SourceQuality "1"]
[TimeControl "40/5400+30:900+30"]

1. e4 {[%emt 0:00:00]} c6 {[%emt 0:00:00]} 2. Nc3 {[%emt 0:00:00]} d5 {[%emt 0:00:18]} 3. Nf3 {[%emt 0:00:15]} Nf6 {[%emt 0:00:54]} 4. e5 {[%emt 0:00:21]} Ne4 {[%emt 0:00:41]} 5. Ne2 {[%emt 0:00:21]} Bg4 {[%emt 0:07:54]} 6. d3 {[%emt 0:06:31]} Nc5 {[%emt 0:03:20]} 7. Ng3 {[%emt 0:04:46]} e6 {[%emt 0:04:30]} 8. d4 {[%emt 0:03:24]} Ncd7 {[%emt 0:03:08]} 9. c3 {[%emt 0:09:04]} c5 {[%emt 0:01:00]} 10. Qb3 {[%emt 0:01:40]} Nc6 {[%emt 0:12:36]} 11. Qxb7 {[%emt 0:16:23]} Na5 {[%emt 0:02:22]} 12. Qa6 {[%emt 0:02:29]} Bxf3 {[%emt 0:00:19]} 13. gxf3 {[%emt 0:00:42]} cxd4 {[%emt 0:00:54]} 14. Bb5 {[%emt 0:06:29]} dxc3 {[%emt 0:08:20]} 15. O-O {[%emt 0:07:27]} Qb6 {[%emt 0:04:53]} 16. Qxb6 {[%emt 0:02:52]} axb6 {[%emt 0:00:18]} 17. bxc3 {[%emt 0:01:18]} Bc5 {[%emt 0:13:34]} 18. Be3 {[%emt 0:14:11]} Ke7 {[%emt 0:02:06]} 19. Bg5+ {[%emt 0:01:16]} f6 {[%emt 0:02:10]} 20. exf6+ {[%emt 0:00:29]} gxf6 {[%emt 0:01:42]} 21. Be3 {[%emt 0:03:44]} Ne5 {[%emt 0:01:25]} 22. f4 {[%emt 0:01:37]} Nec4 {[%emt 0:01:30]} 23. Bxc5+ {[%emt 0:01:33]} bxc5 {[%emt 0:00:06]} 24. Rfe1 {[%emt 0:01:18]} Nd6 {[%emt 0:03:24]} 25. Bf1 {[%emt 0:01:32]} f5 {[%emt 0:05:59]} 26. f3 {[%emt 0:01:53]} Kf6 {[%emt 0:00:46]} 27. Kf2 {[%emt 0:01:52]} Rhb8 {[%emt 0:00:56]} 28. Re2 {[%emt 0:00:50]} Nac4 {[%emt 0:00:48]} 29. Rae1 {[%emt 0:00:40]} Rb2 {[%emt 0:00:21]} 30. Kg1 {[%emt 0:01:40]} Rxe2 {[%emt 0:00:21]} 31. Rxe2 {[%emt 0:00:05]} Ra3 {[%emt 0:00:25]} 32. Nh5+ {[%emt 0:04:24]} Kg6 {[%emt 0:01:38]} 33. Ng3 {[%emt 0:03:03]} Kf7 {[%emt 0:00:05]} 34. Rc2 {[%emt 0:00:12]} Ne3 {[%emt 0:02:46]} 35. Rc1 {[%emt 0:00:57]} Rxa2 {[%emt 0:02:01]} 36. Be2 {[%emt 0:00:27]} Nec4 {[%emt 0:02:53]} 37. Kf1 {[%emt 0:01:28]} Rb2 {[%emt 0:02:10]} 38. Ke1 {[%emt 0:00:21]} Nd2 {[%emt 0:03:47]} 39. Bd1 {[%emt 0:01:03]} Nb3 {[%emt 0:01:15]} 40. Rc2 {[%emt 0:00:00]} Rxc2 {[%emt 0:00:00]} 41. Bxc2 {[%emt 0:02:54]} Na5 {[%emt 0:02:55]} 42. Bd3 {[%emt 0:01:25]} Nac4 {[%emt 0:00:38]} 43. Nf1 {[%emt 0:01:29]} Kf6 {[%emt 0:00:44]} 44. Ke2 {[%emt 0:01:02]} Na5 {[%emt 0:01:10]} 45. Nd2 {[%emt 0:01:15]} c4 {[%emt 0:01:29]} 46. Bc2 {[%emt 0:00:31]} Nb5 {[%emt 0:00:24]} 47. Nb1 {[%emt 0:00:11]} d4 {[%emt 0:05:49]} 48. Ba4 {[%emt 0:01:06]} Nxc3+ {[%emt 0:06:09]} 49. Nxc3 {[%emt 0:00:05]} dxc3 {[%emt 0:00:02]} 50. Kd1 {[%emt 0:00:40]} Nb3 {[%emt 0:00:46]} 51. Kc2 {[%emt 0:00:27]} Nd4+ {[%emt 0:00:13]} 52. Kxc3 {[%emt 0:00:06]} Nxf3 {[%emt 0:00:06]} 53. Kxc4 {[%emt 0:00:57]} Nxh2 {[%emt 0:00:08]} 54. Kd3 {[%emt 0:01:17]} Ng4 {[%emt 0:01:16]} 55. Ke2 {[%emt 0:00:07]} Ke7 {[%emt 0:00:44]} 56. Kf3 {[%emt 0:00:16]} Nf6 {[%emt 0:00:08]} 57. Bb5 {[%emt 0:01:52]} Kd6 {[%emt 0:00:09]} 58. Ba6 {[%emt 0:00:07]} Nd5 {[%emt 0:00:32]} 59. Be2 {[%emt 0:01:08]} Kc5 {[%emt 0:00:19]} 60. Ba6 {[%emt 0:00:25]} Ne7 {[%emt 0:02:36]} 61. Be2 {[%emt 0:00:40]} Kd4 {[%emt 0:00:24]} 62. Bb5 {[%emt 0:00:15]} Kd5 {[%emt 0:01:40]} 63. Be8 {[%emt 0:00:07]} Kd6 {[%emt 0:00:24]} 64. Bf7 {[%emt 0:01:33]} Nd5 {[%emt 0:00:20]} 65. Be8 {[%emt 0:00:27]} Nf6 {[%emt 0:00:15]} 66. Ba4 {[%emt 0:00:13]} Ne4 {[%emt 0:00:48]} 67. Be8 {[%emt 0:01:10]} Nc5 {[%emt 0:00:33]} 68. Ke3 {[%emt 0:01:10]} Ke7 {[%emt 0:00:50]} 69. Bh5 {[%emt 0:00:14]} Kf6 {[%emt 0:00:12]} 70. Kf2 {[%emt 0:01:42]} Ne4+ {[%emt 0:00:47]} 71. Kf3 {[%emt 0:00:45]} e5 {[%emt 0:01:19]} 72. fxe5+ {[%emt 0:00:55]} Kxe5 {[%emt 0:00:02]} 73. Be8 {[%emt 0:00:54]} Kf6 {[%emt 0:01:22]} 74. Kf4 {[%emt 0:00:38]} Nc5 {[%emt 0:00:08]} 75. Bc6 {[%emt 0:00:36]} Ne6+ {[%emt 0:00:07]} 76. Kg3 {[%emt 0:00:12]} Kg5 {[%emt 0:00:08]} 77. Ba8 {[%emt 0:00:27]} h5 {[%emt 0:00:12]} 78. Bb7 {[%emt 0:01:54]} h4+ {[%emt 0:01:08]} 79. Kg2 {[%emt 0:01:13]} Nf4+ {[%emt 0:00:18]} 80. Kf3 {[%emt 0:00:13]} Nd3 {[%emt 0:00:24]} 81. Kg2 {[%emt 0:00:40]} Nc5 {[%emt 0:00:48]} 82. Bc6 {[%emt 0:00:58]} Kg4 {[%emt 0:00:22]} 83. Bf3+ {[%emt 0:00:15]} Kf4 {[%emt 0:00:12]} 84. Bc6 {[%emt 0:01:08]} Ne4 {[%emt 0:00:21]} 85. Kh3 {[%emt 0:00:14]} Kg5 {[%emt 0:00:05]} 86. Bd5 {[%emt 0:00:23]} Nf2+ {[%emt 0:00:16]} 87. Kg2 {[%emt 0:00:07]} Ng4 {[%emt 0:00:06]} 88. Bc6 {[%emt 0:01:26]} Nf6 {[%emt 0:00:11]} 89. Kh3 {[%emt 0:00:11]} Nh5 {[%emt 0:00:10]} 90. Kg2 {[%emt 0:00:18]} Nf4+ {[%emt 0:00:10]} 91. Kf3 {[%emt 0:00:05]} Nd3 {[%emt 0:00:36]} 92. Kg2 {[%emt 0:01:01]} Ne5 {[%emt 0:01:20]} 93. Bb5 {[%emt 0:01:09]} Ng4 {[%emt 0:03:44]} 94. Bc6 {[%emt 0:00:37]} Nf6 {[%emt 0:00:31]} 95. Kh3 {[%emt 0:00:35]} Nh5 {[%emt 0:00:20]} 96. Kg2 {[%emt 0:00:04]} Nf4+ {[%emt 0:00:09]} 97. Kf3 {[%emt 0:00:06]} Ne6 {[%emt 0:00:24]} 98. Bb7 {[%emt 0:01:14]} Nd4+ {[%emt 0:00:58]} 99. Ke3 {[%emt 0:00:49]} Nc2+ {[%emt 0:00:59]} 100. Kf3 {[%emt 0:00:20]} Nb4 {[%emt 0:00:23]} 101. Kg2 {[%emt 0:00:11]} Kg4 {[%emt 0:00:34]} 102. Bf3+ {[%emt 0:00:10]} Kf4 {[%emt 0:00:05]} 103. Bb7 {[%emt 0:00:23]} Nd3 {[%emt 0:00:27]} 104. Kh3 {[%emt 0:01:00]} Nc5 {[%emt 0:00:28]} 105. Bd5 {[%emt 0:00:27]} Kg5 {[%emt 0:00:12]} 106. Bc6 {[%emt 0:00:25]} Nd3 {[%emt 0:01:14]} 107. Kg2 {[%emt 0:00:05]} Nf4+ {[%emt 0:01:01]} 108. Kf3 {[%emt 0:00:04]} Ne6 {[%emt 0:00:17]} 109. Kg2 {[%emt 0:03:06]} Kg4 {[%emt 0:00:34]} 110. Bf3+ {[%emt 0:00:29]} Kf4 {[%emt 0:00:08]} 111. Bd5 {[%emt 0:00:31]} Ng5 {[%emt 0:00:07]} 112. Kf2 {[%emt 0:00:42]} h3 {[%emt 0:00:11]} 113. Bc6 {[%emt 0:00:29]} Ne4+ {[%emt 0:00:10]} 114. Kg1 {[%emt 0:00:08]} Kg3 {[%emt 0:00:18]} 115. Kh1 {[%emt 0:00:11]} Nf2+ 0-1

[Event "Szczawno Festival IM 2018"]
[Site "Szczawno"]
[Date "2018.12.16"]
[Round "3"]
[White "Sliwicka, Alicja"]
[Black "Karpus, Michal"]
[Result "1-0"]
[WhiteElo "2236"]
[BlackElo "2355"]
[Annotator "NA"]
[PlyCount "59"]
[EventDate "2018.12.14"]
[EventType "tourn"]
[EventCountry "POL"]
[SourceTitle "playchess.com"]
[Source "ChessBase"]
[SourceQuality "1"]
[TimeControl "40/5400+30:900+30"]

1. e4 {[%emt 0:00:00]} e5 {[%emt 0:00:00]} 2. Nf3 {[%emt 0:00:00]} Nc6 {[%emt 0:00:00]} 3. Nc3 {[%emt 0:00:00]} Nf6 {[%emt 0:00:05]} 4. d4 {[%emt 0:00:00]} exd4 {[%emt 0:00:10]} 5. Nxd4 {[%emt 0:00:00]} Bb4 {[%emt 0:00:19]} 6. Nxc6 {[%emt 0:00:06]} bxc6 {[%emt 0:00:07]} 7. Bd3 {[%emt 0:00:03]} d5 {[%emt 0:03:41]} 8. exd5 {[%emt 0:00:10]} cxd5 {[%emt 0:00:10]} 9. O-O {[%emt 0:00:05]} O-O {[%emt 0:00:12]} 10. Bg5 {[%emt 0:00:04]} c6 {[%emt 0:00:33]} 11. Qf3 {[%emt 0:00:06]} Bd6 {[%emt 0:00:47]} 12. Rae1 {[%emt 0:00:08]} Rb8 {[%emt 0:01:07]} 13. Nd1 {[%emt 0:00:06]} Be6 {[%emt 0:03:58]} 14. b3 {[%emt 0:02:41]} h6 {[%emt 0:06:48]} 15. Bxf6 {[%emt 0:00:26]} Qxf6 {[%emt 0:00:07]} 16. Qxf6 {[%emt 0:00:07]} gxf6 {[%emt 0:00:06]} 17. Ne3 {[%emt 0:00:12]} a5 $14 {[%emt 0:01:15]} 18. Nf5 {[%emt 0:04:10]} Bxf5 {[%emt 0:01:50]} 19. Bxf5 {[%emt 0:00:11]} a4 {[%emt 0:00:59]} 20. Re3 {[%emt 0:14:22]} Ra8 {[%emt 0:09:32]} 21. Rd1 {[%emt 0:12:38]} axb3 {[%emt 0:03:43]} 22. axb3 {[%emt 0:00:49]} Rfd8 {[%emt 0:03:00]} 23. Kf1 {[%emt 0:02:20]} Be5 {[%emt 0:01:52]} 24. Rh3 {[%emt 0:09:52]} Kg7 {[%emt 0:01:45]} 25. Rh4 {[%emt 0:00:56]} Ra2 {[%emt 0:07:35]} 26. Rg4+ {[%emt 0:05:35]} Kf8 {[%emt 0:00:24]} 27. Bh7 {[%emt 0:05:58]} Rda8 {[%emt 0:04:37]} 28. Re1 {[%emt 0:05:21]} Ra1 {[%emt 0:05:45]} 29. Rg8+ {[%emt 0:00:26]} Ke7 {[%emt 0:00:10]} 30. Rxa8 {[%emt 0:00:07]} 1-0